[Event "27th Klatovy B 2019"]
[Site "Klatovy CZE"]
[Date "2019.07.06"]
[Round "8.47"]
[White "Vorsilka, Jiri"]
[Black "Bukvaj, Martin"]
[Result "1-0"]
[WhiteElo "1568"]
[BlackElo "1220"]
[PlyCount "141"]
[EventDate "2019.06.29"]
[EventType "swiss"]
[EventRounds "9"]
[EventCountry "CZE"]

1. e4 e5 2. Nc3 Nc6 3. Bc4 Nf6 4. d3 Bc5 5. Nf3 d6 6. O-O Bg4 7. Be3 Bb6 8. Nd5 h6 9. c3 O-O 10. b4 Nxd5 11. exd5 Ne7 12. Qe2 f5 13. Bxb6 axb6 14. Qe3 Ng6 15. d4 e4 16. Nd2 Re8 17. g3 Qf6 18. Be2 Bxe2 19. Qxe2 Re7 20. h4 Rae8 21. Rfe1 f4 22. h5 f3 23. Qf1 Nh8 24. Qh3 Nf7 25. Qg4 Qg5 26. Qxg5 Nxg5 27. Re3 c6 28. dxc6 bxc6 29. a4 c5 30. a5 bxa5 31. bxa5 Ra7 32. dxc5 dxc5 33. Nc4 Rb8 34. Nd6 Re7 35. a6 Re6 36. a7 Ra8 37. Nb5 Rb6 38. Nc7 Rxa7 39. Rxa7 Rb1+ 40. Kh2 Rb2 41. g4 Rxf2+ 42. Kg1 Rg2+ 43. Kf1 Nh3 44. Ke1 f2+ 45. Ke2 Nf4+ 46. Kf1 Rxg4 47. Kxf2 Rg2+ 48. Kf1 Rc2 49. Rxe4 Nxh5 50. Rh4 Ng3+ 51. Ke1 Rxc3 52. Rg4 g5 53. Kd2 Rf3 54. Ne6 Nf5 55. Nxc5 Rf2+ 56. Kd3 Nh4 57. Rb4 Rf3+ 58. Ke2 Rf8 59. Rbb7 Re8+ 60. Re7 Rxe7+ 61. Rxe7 Nf5 62. Re5 Nd4+ 63. Kd3 Nf3 64. Re7 h5 65. Ne6 g4 66. Rg7+ Kh8 67. Ke4 Nh4 68. Kf4 Ng2+ 69. Kg5 Ne3 70. Kg6 Nf5 71. Kxf5 1-0

[Event "27th Klatovy B 2019"]
[Site "Klatovy CZE"]
[Date "2019.07.06"]
[Round "8.48"]
[White "Pozar, Pavel"]
[Black "Vasko, Pavel"]
[Result "0-1"]
[WhiteElo "1329"]
[BlackElo "1560"]
[PlyCount "58"]
[EventDate "2019.06.29"]
[EventType "swiss"]
[EventRounds "9"]
[EventCountry "CZE"]

1. e4 e5 2. Nf3 Nf6 3. Nc3 Bb4 4. a3 Bxc3 5. dxc3 d6 6. Bg5 Nbd7 7. Bc4 O-O 8. Nh4 h6 9. Be3 Kh7 10. Qf3 Ng8 11. Bxf7 Qxh4 12. Bg6+ Kh8 13. Qh5 Qxh5 14. Bxh5 Ndf6 15. Bg6 Ne7 16. Bf5 Nxf5 17. exf5 Bxf5 18. f3 Bxc2 19. O-O Rf7 20. Rf2 Bb3 21. f4 Raf8 22. fxe5 dxe5 23. Bc5 Re8 24. Bxa7 b6 25. Re1 e4 26. Rf4 Ra8 27. Bxb6 cxb6 28. Rexe4 Nxe4 29. Rxf7 Bxf7 0-1

[Event "27th Klatovy B 2019"]
[Site "Klatovy CZE"]
[Date "2019.07.06"]
[Round "8.49"]
[White "Pucholt, Martin"]
[Black "Veverkova, Dorota"]
[Result "1-0"]
[WhiteElo "1555"]
[BlackElo "1348"]
[PlyCount "49"]
[EventDate "2019.06.29"]
[EventType "swiss"]
[EventRounds "9"]
[EventCountry "CZE"]

1. e4 c6 2. d4 d5 3. e5 Bf5 4. g4 Bg6 5. Ne2 e6 6. Nf4 c5 7. Nxg6 hxg6 8. Bb5+ Nc6 9. Nc3 Qb6 10. Be3 O-O-O 11. dxc5 Bxc5 12. Bxc5 Qxc5 13. Bxc6 Qxc6 14. Qd4 a6 15. O-O-O Ne7 16. Na4 Kb8 17. Rd3 Qc4 18. b3 Qxd4 19. Rxd4 Nc6 20. Rf4 Nxe5 21. Nc5 Kc7 22. Re1 Kc6 23. Rxe5 Kxc5 24. Rxf7 Rxh2 25. Rxe6 1-0

[Event "27th Klatovy B 2019"]
[Site "Klatovy CZE"]
[Date "2019.07.06"]
[Round "8.50"]
[White "Matejicek, Vojtech"]
[Black "Roubal, Matyas"]
[Result "1/2-1/2"]
[WhiteElo "1472"]
[BlackElo "1019"]
[PlyCount "121"]
[EventDate "2019.06.29"]
[EventType "swiss"]
[EventRounds "9"]
[EventCountry "CZE"]

1. d4 d5 2. Nf3 e6 3. e3 Nf6 4. Bd3 Be7 5. Nbd2 Nbd7 6. Qe2 O-O 7. O-O b6 8. e4 dxe4 9. Nxe4 Bb7 10. Nfg5 h6 11. Qe3 Nxe4 12. Nxe4 Nf6 13. Nxf6+ Bxf6 14. c3 Qd6 15. Qg3 Qxg3 16. fxg3 Be7 17. Bf4 c5 18. Be3 Rfd8 19. Be2 Rac8 20. Bf3 Bxf3 21. gxf3 cxd4 22. Bxd4 Bc5 23. Bxc5 Rxc5 24. Rad1 Rcd5 25. Rxd5 Rxd5 26. Kg2 Kh7 27. f4 Kg6 28. Kf3 h5 29. Re1 Kf6 30. h3 g5 31. Re4 Kg6 32. Rd4 Rxd4 33. cxd4 Kf5 34. g4+ hxg4+ 35. hxg4+ Kg6 36. Ke3 gxf4+ 37. Kxf4 f6 38. b3 Kf7 39. g5 fxg5+ 40. Kxg5 Ke7 41. Kf4 Kf6 42. a3 a6 43. b4 b5 44. Ke4 Kf7 45. d5 Ke7 46. Ke5 exd5 47. Kxd5 Kd7 48. Kc5 Kc7 49. Kd5 Kd7 50. Kc5 Kc7 51. Kd5 Kd7 52. Ke5 Ke7 53. Kd5 Kd7 54. Ke5 Ke7 55. Kd5 Kd7 56. Kd4 Kd6 57. Ke4 Ke6 58. Kd4 Kd6 59. Ke4 Ke6 60. Kd4 Kd6 61. Ke4 1/2-1/2

[Event "27th Klatovy B 2019"]
[Site "Klatovy CZE"]
[Date "2019.07.06"]
[Round "8.51"]
[White "Stross, Frantisek 1952"]
[Black "Novy, Jaroslav"]
[Result "0-1"]
[WhiteElo "1458"]
[BlackElo "1632"]
[PlyCount "121"]
[EventDate "2019.06.29"]
[EventType "swiss"]
[EventRounds "9"]
[EventCountry "CZE"]

1. e4 e6 2. d4 d5 3. Nc3 Nf6 4. e5 Nfd7 5. Nf3 c5 6. Bb5 Nc6 7. Be3 Qb6 8. O-O a6 9. Bxc6 Qxc6 10. Bg5 cxd4 11. Nxd4 Qc7 12. f4 Bc5 13. Bh4 b5 14. Bf2 Qb6 15. a3 Qc7 16. b4 Be7 17. Nce2 Bb7 18. c3 Nb6 19. Nb3 Na4 20. Qd4 O-O 21. Rac1 Rfc8 22. h3 Qc4 23. Qxc4 Rxc4 24. Na5 Rc7 25. Rc2 f6 26. Bd4 Rac8 27. Rf3 Ba8 28. Rg3 Kf7 29. Rf3 f5 30. g4 g6 31. Rg3 Bh4 32. Re3 Be7 33. g5 h6 34. h4 hxg5 35. fxg5 Rh8 36. Rh3 Bxg5 37. Kg2 Rxh4 38. Kg3 Rxh3+ 39. Kxh3 Kg8 40. Kg2 Bc6 41. Nxc6 Rxc6 42. Kf3 Rc7 43. Nf4 Bxf4 44. Kxf4 Rh7 45. Bf2 Rh5 46. Bc5 g5+ 47. Kg3 Nxc5 48. bxc5 Rh7 49. a4 Rc7 50. axb5 axb5 51. Rb2 Rxc5 52. Rb3 Kg7 53. Kf3 Kg6 54. Ke3 f4+ 55. Kd4 Rc4+ 56. Kd3 Kf5 57. Rxb5 Kxe5 58. Rb2 Kf5 59. Rc2 e5 60. Rd2 e4+ 61. Ke2 0-1

[Event "27th Klatovy B 2019"]
[Site "Klatovy CZE"]
[Date "2019.07.06"]
[Round "8.52"]
[White "Vavrinkova, Marie"]
[Black "Jedlicka, Pavel"]
[Result "1/2-1/2"]
[WhiteElo "1185"]
[BlackElo "1445"]
[PlyCount "149"]
[EventDate "2019.06.29"]
[EventType "swiss"]
[EventRounds "9"]
[EventCountry "CZE"]

1. e4 c6 2. d4 d6 3. Nc3 Nd7 4. Nf3 Qc7 5. Be3 e5 6. Bc4 Ngf6 7. Ng5 d5 8. exd5 Nb6 9. d6 Bxd6 10. Bxf7+ Ke7 11. Bb3 h6 12. Nge4 Bg4 13. Qd3 Bf5 14. O-O-O Nxe4 15. Nxe4 Nd5 16. dxe5 Bxe5 17. Bxd5 Rad8 18. Bc5+ Ke8 19. Bxc6+ bxc6 20. Qxd8+ Qxd8 21. Rxd8+ Kxd8 22. Re1 Kc7 23. c3 Bf4+ 24. Be3 Bxe3+ 25. Rxe3 Be6 26. Nc5 Bd5 27. g3 Kb6 28. Nb3 Rf8 29. f4 g5 30. fxg5 Rf1+ 31. Kd2 hxg5 32. Nc1 g4 33. Re1 Rf5 34. Kd3 Bf3 35. Rf1 Rh5 36. Rf2 Kb5 37. Nb3 Rd5+ 38. Nd4+ Kb6 39. Ke3 Re5+ 40. Kf4 Ra5 41. b3 Bh1 42. Kxg4 c5 43. Nf3 Rb5 44. h4 c4 45. bxc4 Rc5 46. Rb2+ Kc7 47. Rb4 Kd6 48. Rb1 Rxc4+ 49. Nd4 Bd5 50. Kg5 Kd7 51. Rd1 Ke8 52. Rf1 Rxc3 53. Nf5 Bxa2 54. h5 Kf7 55. h6 Kg8 56. Rh1 Kh7 57. Re1 Rc7 58. Kh5 Bf7+ 59. Kg5 Bg6 60. g4 a5 61. Re5 Ra7 62. Nd4 a4 63. Re2 Bd3 64. Re3 Ra5+ 65. Kf4 Bc4 66. Ra3 Kxh6 67. Ke3 Kg5 68. Kd2 Kxg4 69. Kc3 Bf7 70. Kb4 Rd5 71. Nb5 Be8 72. Nc7 Rd4+ 73. Kc5 Rd8 74. Nxe8 Rxe8 75. Rxa4+ 1/2-1/2

[Event "27th Klatovy B 2019"]
[Site "Klatovy CZE"]
[Date "2019.07.06"]
[Round "8.53"]
[White "Sobr, Vaclav"]
[Black "Chmelik, Benedikt"]
[Result "0-1"]
[WhiteElo "1498"]
[BlackElo "1558"]
[PlyCount "76"]
[EventDate "2019.06.29"]
[EventType "swiss"]
[EventRounds "9"]
[EventCountry "CZE"]

1. e4 c5 2. Nf3 d6 3. Nc3 Nc6 4. b3 Nf6 5. Bb2 e6 6. Be2 Be7 7. d4 cxd4 8. Nxd4 a6 9. Nf3 O-O 10. O-O b5 11. a3 Bb7 12. b4 Rc8 13. Rc1 Qc7 14. Bd3 Rfd8 15. Re1 d5 16. e5 Nd7 17. Na2 Nb6 18. Qe2 Nc4 19. Bxc4 bxc4 20. Nd4 a5 21. Nxc6 Bxc6 22. Bd4 axb4 23. axb4 Ra8 24. c3 Ra3 25. Rcd1 Rda8 26. Rd2 Bg5 27. Rb2 Qb7 28. Nc1 Ra1 29. Be3 Bd8 30. Na2 Rxe1+ 31. Qxe1 Bb6 32. Kf1 d4 33. cxd4 Bxg2+ 34. Ke2 Qe4 35. Qc3 Bf3+ 36. Kd2 Rd8 37. Qxc4 Bxd4 38. Qc7 Bxe3+ 0-1

[Event "27th Klatovy B 2019"]
[Site "Klatovy CZE"]
[Date "2019.07.06"]
[Round "8.54"]
[White "Zimovcak, Zdenek"]
[Black "Kadlec, Rudolf"]
[Result "1/2-1/2"]
[WhiteElo "1600"]
[BlackElo "1400"]
[PlyCount "70"]
[EventDate "2019.06.29"]
[EventType "swiss"]
[EventRounds "9"]
[EventCountry "CZE"]

1. e4 d5 2. exd5 Nf6 3. c4 c6 4. dxc6 Nxc6 5. Nc3 e5 6. a3 a6 7. h3 Bc5 8. d3 O-O 9. Nge2 h6 10. Ng3 Bd4 11. Qc2 Ba7 12. Be3 Nd4 13. Qd1 Be6 14. Be2 b5 15. O-O Rb8 16. Rb1 Qd7 17. b4 bxc4 18. dxc4 Rfc8 19. c5 Nxe2+ 20. Qxe2 Qc6 21. Rfd1 Nd5 22. Nxd5 Bxd5 23. f3 Qe6 24. Bf2 Bc4 25. Qe1 Bb5 26. Ne4 Rc6 27. Ra1 Rbc8 28. Qc3 f5 29. Nd2 Ba4 30. Re1 Bb8 31. Qc4 Rd8 32. Qxe6+ Rxe6 33. Nc4 Bc7 34. Nb2 Bc6 35. Rad1 e4 1/2-1/2

[Event "27th Klatovy B 2019"]
[Site "Klatovy CZE"]
[Date "2019.07.06"]
[Round "8.55"]
[White "Levinsky, Ladislav"]
[Black "Lhotsky, Zdenek 1966"]
[Result "1/2-1/2"]
[WhiteElo "1515"]
[BlackElo "1285"]
[PlyCount "31"]
[EventDate "2019.06.29"]
[EventType "swiss"]
[EventRounds "9"]
[EventCountry "CZE"]

1. Nf3 Nf6 2. d4 e6 3. Bf4 b6 4. e3 Bb7 5. Nbd2 Be7 6. a3 O-O 7. Bd3 d6 8. O-O Nbd7 9. c4 Nh5 10. Bg3 Nxg3 11. hxg3 c5 12. Be4 Bxe4 13. Nxe4 Nf6 14. Nc3 Rc8 15. b3 cxd4 16. Qxd4 1/2-1/2

[Event "27th Klatovy B 2019"]
[Site "Klatovy CZE"]
[Date "2019.07.06"]
[Round "8.56"]
[White "Devera, Filip"]
[Black "Novak, Rudolf"]
[Result "1/2-1/2"]
[WhiteElo "1253"]
[BlackElo "1499"]
[PlyCount "23"]
[EventDate "2019.06.29"]
[EventType "swiss"]
[EventRounds "9"]
[EventCountry "CZE"]

1. e4 c5 2. Nc3 d6 3. g3 Nf6 4. Bg2 e6 5. d3 Be7 6. f4 Nc6 7. Nf3 Qc7 8. O-O O-O 9. h3 a6 10. g4 Rb8 11. f5 h6 12. g5 1/2-1/2

[Event "27th Klatovy B 2019"]
[Site "Klatovy CZE"]
[Date "2019.07.06"]
[Round "8.57"]
[White "Dobsa, Emma"]
[Black "Popov, Roman4"]
[Result "0-1"]
[WhiteElo "1325"]
[BlackElo "1239"]
[PlyCount "94"]
[EventDate "2019.06.29"]
[EventType "swiss"]
[EventRounds "9"]
[EventCountry "CZE"]

1. e4 c5 2. Nf3 e6 3. d4 cxd4 4. Nxd4 Nf6 5. Nc3 d6 6. Be2 Be7 7. O-O O-O 8. f4 a6 9. Be3 Nbd7 10. Bf3 Nc5 11. Qe1 Qc7 12. Qg3 Kh8 13. e5 dxe5 14. fxe5 Nfd7 15. Ne4 Nxe4 16. Bxe4 Qxe5 17. Rf4 Nf6 18. Nf3 Qc7 19. Qh4 Nxe4 20. Qe1 Nf6 21. Qe2 Nd5 22. Rc4 Qd7 23. Ne5 Qb5 24. Bd4 Nb6 25. Bxb6 Qxb6+ 26. Kh1 h6 27. Qh5 Qf2 28. g3 Bg5 29. Rc3 b5 30. Rc7 Ra7 31. Nxf7+ Rxf7 32. Rxc8+ Rf8 33. Rxf8+ Qxf8 34. h4 Be3 35. Re1 Qf2 36. Qd1 Qxg3 37. Qd8+ Kh7 38. Qd3+ g6 39. Qxe3 Qxe3 40. Rxe3 Re7 41. Re5 Kg7 42. Re3 e5 43. Kg2 Kf6 44. Kf3 Kf5 45. Re4 g5 46. h5 Rd7 47. a4 Rd4 0-1

[Event "27th Klatovy B 2019"]
[Site "Klatovy CZE"]
[Date "2019.07.06"]
[Round "8.58"]
[White "Kratochvil, Milos 1976"]
[Black "Vilasek, Martin"]
[Result "1-0"]
[WhiteElo "1528"]
[BlackElo "1063"]
[PlyCount "35"]
[EventDate "2019.06.29"]
[EventType "swiss"]
[EventRounds "9"]
[EventCountry "CZE"]

1. e4 e5 2. Nf3 Nc6 3. Bc4 Bc5 4. c3 Nf6 5. d4 exd4 6. O-O dxc3 7. e5 cxb2 8. Bxb2 Nh5 9. Bxf7+ Kxf7 10. Qd5+ Ke7 11. Qxc5+ d6 12. exd6+ cxd6 13. Qxh5 Be6 14. Nc3 Rf8 15. Rad1 Qc8 16. Ba3 Kd8 17. Bxd6 Rf7 18. Nb5 1-0

[Event "27th Klatovy B 2019"]
[Site "Klatovy CZE"]
[Date "2019.07.06"]
[Round "8.59"]
[White "Hejda, Ondrej"]
[Black "Day, Sophia Olivia"]
[Result "1/2-1/2"]
[WhiteElo "1403"]
[BlackElo "1021"]
[PlyCount "41"]
[EventDate "2019.06.29"]
[EventType "swiss"]
[EventRounds "9"]
[EventCountry "CZE"]

1. e4 e5 2. f4 d5 3. exd5 c6 4. Nf3 exf4 5. Be2 Bg4 6. O-O cxd5 7. d4 Bd6 8. Nc3 Nf6 9. Ne5 Bxe2 10. Qxe2 O-O 11. Bxf4 Re8 12. Qf2 Nc6 13. Nxc6 bxc6 14. Bg5 Re6 15. Rae1 Qd7 16. Rxe6 Bxh2+ 17. Kh1 Ng4 18. Qh4 Qxe6 19. Re1 Qf5 20. Be3 Re8 21. Nd1 1/2-1/2

[Event "27th Klatovy B 2019"]
[Site "Klatovy CZE"]
[Date "2019.07.06"]
[Round "8.60"]
[White "Filip, Petr 1952"]
[Black "Veverka, Max"]
[Result "1-0"]
[WhiteElo "1324"]
[BlackElo "1000"]
[PlyCount "77"]
[EventDate "2019.06.29"]
[EventType "swiss"]
[EventRounds "9"]
[EventCountry "CZE"]

1. e4 e5 2. f4 exf4 3. Nf3 Nc6 4. Bc4 Bc5 5. c3 d6 6. h3 Nf6 7. d4 Bb6 8. O-O O-O 9. Bd3 Be6 10. Bxf4 Nd7 11. Kh2 Qf6 12. Bg5 Qg6 13. Bh4 Rfe8 14. d5 Bxh3 15. Kxh3 Ne7 16. Ng5 Qh6 17. Nxf7 Qe3+ 18. Bg3 Rf8 19. Rf3 Qc5 20. Bf2 Qa5 21. b4 Bxf2 22. bxa5 Rxf7 23. Rxf7 Kxf7 24. Qf3+ Kg8 25. Qxf2 Rf8 26. Qe2 Ng6 27. g3 Nde5 28. Nd2 Nxd3 29. Qxd3 Ne5 30. Qb5 a6 31. Qxb7 c5 32. dxc6 Rf2 33. Qc8+ Rf8 34. Qe6+ Nf7 35. c7 d5 36. c8=Q dxe4 37. Qxf8+ Kxf8 38. Rf1 h6 39. Qxf7# 1-0

[Event "27th Klatovy B 2019"]
[Site "Klatovy CZE"]
[Date "2019.07.06"]
[Round "8.61"]
[White "Nechvatalova, Eva"]
[Black "Havelkova, Beata"]
[Result "0-1"]
[WhiteElo "1134"]
[BlackElo "1316"]
[PlyCount "52"]
[EventDate "2019.06.29"]
[EventType "swiss"]
[EventRounds "9"]
[EventCountry "CZE"]

1. e4 c5 2. Nf3 d6 3. c4 Nf6 4. Nc3 Nc6 5. d3 g6 6. Be2 Bg7 7. O-O O-O 8. h3 Bd7 9. Be3 Rb8 10. Qd2 Re8 11. Bh6 Bh8 12. Nh2 Nd4 13. f4 Nxe2+ 14. Qxe2 Nh5 15. Qf3 Bd4+ 16. Kh1 Ng7 17. Ng4 Bc6 18. Qe2 Nh5 19. Qf3 f5 20. Nh2 Nf6 21. Rae1 e6 22. Qe2 Nh5 23. Qf3 Qh4 24. Bg5 Ng3+ 25. Qxg3 Qxg3 26. exf5 Qxg2# 0-1

[Event "27th Klatovy B 2019"]
[Site "Klatovy CZE"]
[Date "2019.07.06"]
[Round "8.62"]
[White "Martinek, Lukas"]
[Black "Hala, Matej"]
[Result "1-0"]
[WhiteElo "1301"]
[BlackElo "1014"]
[PlyCount "27"]
[EventDate "2019.06.29"]
[EventType "swiss"]
[EventRounds "9"]
[EventCountry "CZE"]

1. e4 e5 2. Nc3 Nf6 3. f4 Nc6 4. fxe5 Nxe5 5. d4 Nc6 6. Nf3 Bb4 7. Bd3 Qe7 8. Qe2 d5 9. e5 Nh5 10. O-O Bg4 11. Nxd5 Qd7 12. Qe4 f5 13. exf6+ Qe6 14. Nxc7+ 1-0

[Event "27th Klatovy B 2019"]
[Site "Klatovy CZE"]
[Date "2019.07.06"]
[Round "8.63"]
[White "Skalicky, Jindrich"]
[Black "Skrivan, Matej 2008"]
[Result "1-0"]
[WhiteElo "1201"]
[BlackElo "1012"]
[PlyCount "65"]
[EventDate "2019.06.29"]
[EventType "swiss"]
[EventRounds "9"]
[EventCountry "CZE"]

1. e4 e5 2. Nf3 Nc6 3. Bb5 Bb4 4. c3 Bc5 5. d4 exd4 6. cxd4 Bb4+ 7. Bd2 Nf6 8. d5 Bxd2+ 9. Nbxd2 Nb4 10. Qb3 Nfxd5 11. exd5 Qe7+ 12. Kf1 a6 13. Re1 Qxe1+ 14. Nxe1 axb5 15. Qxb4 Rxa2 16. Qxb5 c6 17. dxc6 bxc6 18. Qe5+ Kd8 19. g4 Re8 20. Qxg7 Ra1 21. Ndf3 Ba6+ 22. Kg2 Re7 23. Nc2 f5 24. Qf8+ Re8 25. Qxf5 Rxh1 26. Kxh1 Re2 27. Qa5+ Ke8 28. Qxa6 Rxf2 29. Ne5 Rxc2 30. Qc8+ Ke7 31. Qxd7+ Kf6 32. Qf5+ Ke7 33. Qxc2 1-0

[Event "27th Klatovy B 2019"]
[Site "Klatovy CZE"]
[Date "2019.07.06"]
[Round "8.64"]
[White "Denk, Lukas"]
[Black "Bukvaj, Jan"]
[Result "1-0"]
[WhiteElo "1092"]
[BlackElo "1158"]
[PlyCount "81"]
[EventDate "2019.06.29"]
[EventType "swiss"]
[EventRounds "9"]
[EventCountry "CZE"]

1. d4 d5 2. Nc3 e6 3. e4 Nf6 4. e5 Nfd7 5. Nf3 c5 6. g3 Nc6 7. Be3 b6 8. Nb5 a6 9. Nd6+ Bxd6 10. exd6 cxd4 11. Nxd4 Nxd4 12. Bxd4 Nf6 13. Bg2 Qxd6 14. Bxf6 gxf6 15. O-O Bb7 16. Qd4 e5 17. Rfe1 O-O-O 18. Qc3+ Qc6 19. Bh3+ Kc7 20. Qxc6+ Bxc6 21. Re3 e4 22. c3 d4 23. cxd4 Rxd4 24. Rc1 Rd3 25. Rxe4 Rhd8 26. Re7+ R8d7 27. Bxd7 Rxd7 28. Rxd7+ Kxd7 29. Rd1+ Ke6 30. Re1+ Kd7 31. Re3 b5 32. Ra3 Bb7 33. f4 h6 34. Kf2 Ke6 35. g4 Bc8 36. Ke3 Ke7 37. Kd4 Kd6 38. f5 Bb7 39. Rh3 Bc6 40. Rxh6 Ke7 41. Kc5 1-0

[Event "27th Klatovy B 2019"]
[Site "Klatovy CZE"]
[Date "2019.07.06"]
[Round "8.65"]
[White "Bican, Vojtech"]
[Black "Pasek, Josef"]
[Result "1-0"]
[WhiteElo "1078"]
[BlackElo "1067"]
[PlyCount "129"]
[EventDate "2019.06.29"]
[EventType "swiss"]
[EventRounds "9"]
[EventCountry "CZE"]

1. e4 c5 2. Nf3 Nc6 3. Bc4 e6 4. Nc3 Nf6 5. e5 Ng8 6. O-O d5 7. exd6 Bxd6 8. d3 Nf6 9. Re1 O-O 10. Bg5 h6 11. Bh4 Be7 12. Qd2 a6 13. Rad1 b5 14. Bb3 Nd4 15. Ne5 Bb7 16. Qf4 a5 17. a4 Nd5 18. Bxe7 Qxe7 19. Nxd5 Bxd5 20. Bxd5 exd5 21. Nc6 Qb7 22. Nxd4 cxd4 23. b3 bxa4 24. bxa4 Qb4 25. Ra1 Rfe8 26. Reb1 Qc3 27. Rc1 Re7 28. h3 Rae8 29. Kh2 Re2 30. Ra2 Re1 31. Raa1 Rxc1 32. Rxc1 Qa3 33. Rb1 Qxa4 34. Rb8 Kf8 35. Qd6+ Kg8 36. Rxe8+ Qxe8 37. Qxd5 Qb8+ 38. g3 Qb4 39. Qa8+ Kh7 40. Qe4+ g6 41. Qe8 Kg7 42. Qe5+ Kg8 43. Qe8+ Qf8 44. Qa4 Qc5 45. Kg2 g5 46. Qe8+ Kg7 47. Qa4 Qb4 48. Qb3 Qxb3 49. cxb3 Kf6 50. Kf3 Ke5 51. Kg4 Kf6 52. h4 Kg6 53. h5+ Kf6 54. f4 Kg7 55. fxg5 hxg5 56. Kxg5 f6+ 57. Kf5 Kh6 58. Kxf6 Kxh5 59. Ke5 Kg4 60. Kxd4 Kxg3 61. Ke4 Kg4 62. Ke5 Kg5 63. Ke6 Kg6 64. d4 Kg7 65. Ke7 1-0

[Event "27th Klatovy B 2019"]
[Site "Klatovy CZE"]
[Date "2019.07.06"]
[Round "8.66"]
[White "Nova, Anezka"]
[Black "Berkovec, Jakub"]
[Result "0-1"]
[WhiteElo "1044"]
[BlackElo "1060"]
[PlyCount "90"]
[EventDate "2019.06.29"]
[EventType "swiss"]
[EventRounds "9"]
[EventCountry "CZE"]

1. e4 c5 2. Nf3 d6 3. Bb5+ Bd7 4. Bxd7+ Qxd7 5. d4 cxd4 6. Nxd4 Nf6 7. Nc3 g6 8. O-O Bg7 9. Re1 Nc6 10. Be3 Qg4 11. Qxg4 Nxg4 12. Rad1 Nxe3 13. fxe3 O-O 14. Rf1 Bh6 15. Rf3 Ne5 16. Rh3 Ng4 17. Re1 Rac8 18. Rh4 Bxe3+ 19. Kf1 Nxh2+ 20. Rxh2 Bxd4 21. Nb5 Bxb2 22. Re2 Bg7 23. Nxa7 Ra8 24. Nb5 Rxa2 25. Nc3 Bxc3 26. Rh3 Rc8 27. Kf2 Bd4+ 28. Ke1 Raxc2 29. Rxc2 Rxc2 30. Kf1 Rf2+ 31. Ke1 Rxg2 32. Rb3 Rb2 33. Rd3 e5 34. Kd1 h5 35. Ke1 b5 36. Rh3 b4 37. Kd1 Ra2 38. Kc1 Ra3 39. Kc2 Rxh3 40. Kd2 b3 41. Kc1 b2+ 42. Kc2 Rh1 43. Kd3 b1=Q+ 44. Kc4 Qa2+ 45. Kd3 Rh3# 0-1

[Event "27th Klatovy B 2019"]
[Site "Klatovy CZE"]
[Date "2019.07.06"]
[Round "8.67"]
[White "Slechta, Adam"]
[Black "Souralova, Alena"]
[Result "1-0"]
[WhiteElo "1000"]
[BlackElo "1000"]
[PlyCount "45"]
[EventDate "2019.06.29"]
[EventType "swiss"]
[EventRounds "9"]
[EventCountry "CZE"]

1. d4 d5 2. c4 dxc4 3. Nc3 Nc6 4. Nf3 Bf5 5. e4 Be6 6. d5 Bd7 7. dxc6 Bxc6 8. Bf4 e6 9. Bxc4 Nf6 10. O-O Bc5 11. Qxd8+ Rxd8 12. Rad1 Rxd1 13. Rxd1 O-O 14. Bxc7 Nd7 15. Ne5 h6 16. Nxd7 Rc8 17. Nxc5 Rxc7 18. Rd6 Be8 19. Bd3 Rxc5 20. e5 Rxe5 21. g3 Bc6 22. Rd8+ Be8 23. Rxe8# 1-0

[Event "27th Klatovy B 2019"]
[Site "Klatovy CZE"]
[Date "2019.07.07"]
[Round "9.1"]
[White "Kastner, Jan"]
[Black "Masek, Jan"]
[Result "1-0"]
[WhiteElo "1919"]
[BlackElo "1905"]
[PlyCount "30"]
[EventDate "2019.06.29"]
[EventType "swiss"]
[EventRounds "9"]
[EventCountry "CZE"]

1. d4 Nf6 2. Nf3 c5 3. c3 e6 4. e3 Be7 5. Bd3 cxd4 6. exd4 O-O 7. O-O d6 8. Re1 Bd7 9. Nbd2 Bc6 10. Qe2 Nbd7 11. Nf1 Re8 12. Ng3 a5 13. Ng5 Bf8 14. Qc2 h6 15. Bh7+ Nxh7 1-0

[Event "27th Klatovy B 2019"]
[Site "Klatovy CZE"]
[Date "2019.07.07"]
[Round "9.2"]
[White "Soucek, Petr"]
[Black "Zidu, Jan"]
[Result "1-0"]
[WhiteElo "1679"]
[BlackElo "1852"]
[PlyCount "89"]
[EventDate "2019.06.29"]
[EventType "swiss"]
[EventRounds "9"]
[EventCountry "CZE"]

1. d4 Nf6 2. Bg5 d5 3. e3 Bf5 4. c3 c6 5. Qb3 Qb6 6. Nd2 Nbd7 7. Ngf3 e6 8. Be2 h6 9. Bh4 Bd6 10. Bg3 Bxg3 11. hxg3 Ne4 12. Nxe4 Bxe4 13. O-O Qxb3 14. axb3 a6 15. b4 Bxf3 16. gxf3 O-O 17. e4 f6 18. exd5 exd5 19. Bd3 Kf7 20. Rfe1 Rfe8 21. Re3 Nb6 22. b3 Rxe3 23. fxe3 Re8 24. Kf2 Nc8 25. e4 dxe4 26. fxe4 Nd6 27. Kf3 Nb5 28. Bxb5 axb5 29. Ra7 Re7 30. c4 bxc4 31. bxc4 Ke6 32. Kf4 g6 33. Ra8 h5 34. d5+ cxd5 35. exd5+ Kf7 36. c5 g5+ 37. Kf3 f5 38. c6 g4+ 39. Kf2 bxc6 40. dxc6 Ke6 41. Rf8 Kd6 42. b5 Re5 43. Rd8+ Kc7 44. Rd7+ Kc8 45. b6 1-0

[Event "27th Klatovy B 2019"]
[Site "Klatovy CZE"]
[Date "2019.07.07"]
[Round "9.3"]
[White "Macho, Miloslav"]
[Black "Vanduyfhuys, Igor"]
[Result "0-1"]
[WhiteElo "1745"]
[BlackElo "1803"]
[PlyCount "36"]
[EventDate "2019.06.29"]
[EventType "swiss"]
[EventRounds "9"]
[EventCountry "CZE"]

1. g3 d5 2. Bg2 e5 3. d3 Nf6 4. Nd2 c5 5. c3 Nc6 6. Ngf3 Bd6 7. e4 d4 8. cxd4 cxd4 9. Nc4 Bd7 10. O-O O-O 11. a4 Be6 12. b3 a6 13. Ng5 Bg4 14. f3 Be7 15. Ba3 Re8 16. Nd6 Bxd6 17. Bxd6 h6 18. Nh3 Bxh3 0-1

[Event "27th Klatovy B 2019"]
[Site "Klatovy CZE"]
[Date "2019.07.07"]
[Round "9.4"]
[White "Bauer, Jan 2005"]
[Black "Lener, Jaroslav 1975"]
[Result "1/2-1/2"]
[WhiteElo "1721"]
[BlackElo "1754"]
[PlyCount "42"]
[EventDate "2019.06.29"]
[EventType "swiss"]
[EventRounds "9"]
[EventCountry "CZE"]

1. d4 Nf6 2. Nf3 d5 3. Bf4 e6 4. e3 c5 5. c3 Nc6 6. Bd3 Be7 7. Nbd2 h6 8. Ne5 Nxe5 9. Bxe5 c4 10. Bc2 Bd7 11. O-O g6 12. e4 Bc6 13. Bxf6 Bxf6 14. e5 Bg5 15. f4 Be7 16. Qf3 Qc7 17. g4 O-O-O 18. Kh1 h5 19. g5 Qd7 20. Rfb1 Kc7 21. Qd1 b5 1/2-1/2

[Event "27th Klatovy B 2019"]
[Site "Klatovy CZE"]
[Date "2019.07.07"]
[Round "9.5"]
[White "Blazek, Pavel 1974"]
[Black "Boucek, Vlastimil 1968"]
[Result "0-1"]
[WhiteElo "1745"]
[BlackElo "1629"]
[PlyCount "92"]
[EventDate "2019.06.29"]
[EventType "swiss"]
[EventRounds "9"]
[EventCountry "CZE"]

1. c3 f5 2. Qc2 g6 3. h3 Nf6 4. g4 d5 5. g5 Ne4 6. d3 Nd6 7. h4 e5 8. h5 Nf7 9. Bg2 c6 10. e4 dxe4 11. dxe4 f4 12. Nf3 Bd6 13. Bh3 Bxh3 14. Rxh3 Nxg5 15. Nxg5 Qxg5 16. Qb3 Qg1+ 17. Ke2 Qg4+ 18. Rf3 b6 19. Kf1 Nd7 20. Qd1 Bc7 21. Rd3 Qxd1+ 22. Rxd1 O-O-O 23. b3 Nf6 24. Rxd8+ Rxd8 25. Nd2 Nxh5 26. Nf3 Nf6 27. Bb2 Nxe4 28. c4 Nd2+ 29. Ke2 Nxf3 30. Kxf3 Re8 31. Ke4 Kd7 32. Ba3 Ke6 33. Rh1 h5 34. Rg1 Kf6 35. Bb2 Rd8 36. Bc3 g5 37. f3 Rg8 38. Rd1 Ke6 39. a4 g4 40. b4 a6 41. c5 bxc5 42. bxc5 g3 43. a5 g2 44. Bxe5 Bxe5 45. Rd8 g1=Q 46. Rd1 Qe3# 0-1